[Event "GER-ch blitz"]
[Site "Magdeburg"]
[Date "2022.08.21"]
[Round "29"]
[White "Braun, Georg"]
[Black "Telljohann, Sven"]
[Result "1/2-1/2"]
[WhiteElo "2386"]
[BlackElo "2410"]
[PlyCount "40"]
[EventDate "2022.08.21"]
[EventType "tourn (blitz)"]
[EventRounds "29"]
[EventCountry "GER"]
[EventCategory "5"]
[SourceTitle "CBM 210 Extra"]
[Source "ChessBase"]
[SourceDate "2022.11.30"]
[SourceVersion "1"]
[SourceVersionDate "2022.11.30"]
[SourceQuality "1"]

1. e4 g6 2. d4 Bg7 3. Nc3 c6 4. Nf3 d5 5. h3 Nf6 6. Bd3 dxe4 7. Nxe4 Nxe4 8. Bxe4 Nd7 9. c3 0-0 10. 0-0 c5 11. Bc2 Qc7 12. Re1 e6 13. Be3 cxd4 14. Bxd4 Nf6 15. Be5 Qb6 16. Bb3 Rd8 17. Qe2 Bd7 18. Bd4 Qc7 19. Be5 Qb6 20. Bd4 Qc7 1/2-1/2

[Event "GER-ch blitz"]
[Site "Magdeburg"]
[Date "2022.08.21"]
[Round "15"]
[White "Telljohann, Sven"]
[Black "Frischmann, Rick"]
[Result "0-1"]
[WhiteElo "2410"]
[BlackElo "2369"]
[PlyCount "70"]
[EventDate "2022.08.21"]
[EventType "tourn (blitz)"]
[EventRounds "29"]
[EventCountry "GER"]
[EventCategory "5"]
[SourceTitle "CBM 210 Extra"]
[Source "ChessBase"]
[SourceDate "2022.11.30"]
[SourceVersion "1"]
[SourceVersionDate "2022.11.30"]
[SourceQuality "1"]

1. Nf3 d5 2. g3 Nc6 3. Bg2 Bf5 4. c4 e6 5. 0-0 h6 6. cxd5 exd5 7. d4 Bd6 8. Nc3 Nf6 9. Qb3 Na5 10. Qa4+ c6 11. b4 Nc4 12. b5 0-0 13. bxc6 bxc6 14. Nd2 Nb6 15. Qa6 Re8 16. e3 Qe7 17. Nb3 Nc4 18. Qxc6 Rec8 19. Nxd5 Qd8 20. Nxf6+ Qxf6 21. Qf3 Qg6 22. Nd2 Bd3 23. Nxc4 Bxc4 24. Rd1 Rab8 25. e4 Be6 26. h3 Bd7 27. Bf4 Bxf4 28. Qxf4 Rb2 29. Rd2 Rcc2 30. Rxc2 Rxc2 31. Qb8+ Kh7 32. Qxa7 Qf6 33. Rf1 Bb5 34. d5 Bxf1 35. Bxf1 Rc1 0-1

[Event "GER-ch blitz"]
[Site "Magdeburg"]
[Date "2022.08.21"]
[Round "11"]
[White "Telljohann, Sven"]
[Black "Kopylov, Daniel"]
[Result "0-1"]
[WhiteElo "2410"]
[BlackElo "2355"]
[PlyCount "70"]
[EventDate "2022.08.21"]
[EventType "tourn (blitz)"]
[EventRounds "29"]
[EventCountry "GER"]
[EventCategory "5"]
[SourceTitle "CBM 210 Extra"]
[Source "ChessBase"]
[SourceDate "2022.11.30"]
[SourceVersion "1"]
[SourceVersionDate "2022.11.30"]
[SourceQuality "1"]

1. Nf3 Nf6 2. g3 g6 3. Bg2 Bg7 4. 0-0 0-0 5. d4 d5 6. Nbd2 Nbd7 7. b3 c5 8. Bb2 e6 9. c4 b6 10. Rc1 Bb7 11. dxc5 Nxc5 12. cxd5 Nxd5 13. Bxg7 Kxg7 14. Nc4 Ne4 15. Qd4+ Ndf6 16. Qb2 Qe7 17. Rfd1 Rfd8 18. Nfe5 Rxd1+ 19. Rxd1 Rd8 20. Rxd8 Qxd8 21. Nd3 Bd5 22. Ne3 Qc7 23. Nxd5 exd5 24. Bxe4 dxe4 25. Nf4 Qd6 26. h4 Kg8 27. Qc3 h5 28. Qc8+ Kg7 29. Qb7 e3 30. fxe3 Qe5 31. Qf3 Qa1+ 32. Kg2 Qxa2 33. e4 Ng4 34. Qc3+ Kh7 35. e5 Qb1 0-1

[Event "GER-ch blitz"]
[Site "Magdeburg"]
[Date "2022.08.21"]
[Round "28"]
[White "Telljohann, Sven"]
[Black "Vogel, Roven"]
[Result "0-1"]
[WhiteElo "2410"]
[BlackElo "2516"]
[PlyCount "59"]
[EventDate "2022.08.21"]
[EventType "tourn (blitz)"]
[EventRounds "29"]
[EventCountry "GER"]
[EventCategory "5"]
[SourceTitle "CBM 210 Extra"]
[Source "ChessBase"]
[SourceDate "2022.11.30"]
[SourceVersion "1"]
[SourceVersionDate "2022.11.30"]
[SourceQuality "1"]

1. Nf3 d5 2. g3 g6 3. Bg2 Bg7 4. d4 Nf6 5. 0-0 0-0 6. Nbd2 c6 7. b3 a5 8. a3 Bf5 9. c4 a4 10. Bb2 Nbd7 11. Bc3 Ne4 12. Nxe4 Bxe4 13. cxd5 cxd5 14. bxa4 Nb6 15. a5 Nc4 16. Nd2 Bxg2 17. Kxg2 Nxa5 18. e3 Qd7 19. Nb3 Nc4 20. Nc5 Qc6 21. Qb3 b6 22. Nd3 e5 23. Rfc1 Rfc8 24. a4 e4 25. Nf4 Bh6 26. Be1 Bxf4 27. exf4 Qe6 28. Rc3 Ra6 29. Ra2 Rca8 30. Qd1 0-1

[Event "GER-ch blitz"]
[Site "Magdeburg"]
[Date "2022.08.21"]
[Round "19"]
[White "Telljohann, Sven"]
[Black "Walter, Andreas"]
[Result "0-1"]
[WhiteElo "2410"]
[BlackElo "2241"]
[PlyCount "122"]
[EventDate "2022.08.21"]
[EventType "tourn (blitz)"]
[EventRounds "29"]
[EventCountry "GER"]
[EventCategory "5"]
[SourceTitle "CBM 210 Extra"]
[Source "ChessBase"]
[SourceDate "2022.11.30"]
[SourceVersion "1"]
[SourceVersionDate "2022.11.30"]
[SourceQuality "1"]

1. Nf3 d5 2. g3 Bg4 3. Bg2 Nd7 4. c4 e6 5. b3 Ngf6 6. Bb2 c6 7. 0-0 a5 8. d3 Be7 9. Nbd2 0-0 10. a3 b5 11. Qc2 bxc4 12. bxc4 a4 13. Rfe1 h6 14. Ne5 Nxe5 15. Bxe5 Nd7 16. Bc3 Qc7 17. h3 Bf5 18. Rec1 Qa7 19. cxd5 cxd5 20. Bb4 Bxb4 21. axb4 Nb6 22. Nf3 Rfc8 23. Qb2 a3 24. Rxc8+ Nxc8 25. Qc3 Nd6 26. Nd4 a2 27. b5 Qb6 28. g4 Bh7 29. Qb2 Ra5 30. e3 Nxb5 31. Rxa2 Rxa2 32. Qxa2 Bxd3 33. Nxb5 Qxb5 34. Qa8+ Kh7 35. Qa7 Bg6 36. Qc7 Qb1+ 37. Kh2 Qc2 38. Qxc2 Bxc2 39. Kg3 f6 40. f4 Kg8 41. Kf2 Kf8 42. Ke2 Ke7 43. Kd2 Ba4 44. e4 Kd6 45. exd5 exd5 46. Kc3 Kc5 47. h4 g5 48. fxg5 fxg5 49. hxg5 hxg5 50. Bf3 Bb5 51. Bd1 d4+ 52. Kd2 Kd5 53. Bb3+ Ke5 54. Bf7 Kf4 55. Be6 Bf1 56. Bc8 Ke5 57. Bd7 Bg2 58. Bc8 Be4 59. Ke2 Kf4 60. Kd2 Bf3 61. Kd3 Bxg4 0-1

[Event "Hessen-ch"]
[Site "Frankfurt"]
[Date "2021.12.08"]
[Round "2"]
[White "Telljohann, Sven"]
[Black "Bluebaum, Johanna"]
[Result "1-0"]
[WhiteElo "2388"]
[BlackElo "2046"]
[PlyCount "75"]
[EventDate "2021.12.08"]
[EventType "tourn"]
[EventCountry "GER"]
[SourceTitle "EXT 2023"]
[Source "ChessBase"]
[SourceDate "2022.10.05"]
[SourceVersion "1"]
[SourceVersionDate "2022.10.05"]
[SourceQuality "1"]

1. Nf3 d5 2. g3 Nd7 3. Bg2 e5 4. d3 Ngf6 5. 0-0 Bd6 6. c4 c6 7. Nfd2 d4 8. b3 0-0 9. Na3 Ne8 10. Nc2 c5 11. a3 a5 12. Rb1 f5 13. e3 Ra7 14. exd4 exd4 15. b4 axb4 16. axb4 b6 17. bxc5 bxc5 18. Na3 Ra6 19. Nb5 Bb8 20. Re1 Rg6 21. f4 Nef6 22. Nf3 Ng4 23. Nh4 Rh6 24. Nxf5 Rxf5 25. Qxg4 Nf6 26. Qe2 Rfh5 27. Qe7 Qxe7 28. Rxe7 Kf8 29. Na7 Kxe7 30. Nxc8+ Kd7 31. Rxb8 Kc7 32. Ra8 Rxh2 33. f5 Rxg2+ 34. Kxg2 Rh5 35. Bf4+ Kd7 36. Nb6+ Kc6 37. Nc8 Kd7 38. Nd6 1-0

[Event "Hessenliga 1921"]
[Site "Hessen"]
[Date "2021.09.05"]
[Round "9.2"]
[White "Schramenko, Andreas"]
[Black "Telljohann, Sven"]
[Result "0-1"]
[WhiteElo "2193"]
[BlackElo "2388"]
[PlyCount "88"]
[EventDate "2019.09.22"]
[EventType "team-tourn"]
[EventRounds "9"]
[EventCountry "GER"]
[SourceTitle "EXT 2024"]
[Source "ChessBase"]
[SourceDate "2023.10.10"]
[SourceVersion "1"]
[SourceVersionDate "2023.10.10"]
[SourceQuality "1"]
[WhiteTeam "Dettingen"]
[BlackTeam "Frankfurt TV"]
[WhiteTeamCountry "GER"]
[BlackTeamCountry "GER"]

1. d4 g6 2. e4 Bg7 3. g3 d5 4. e5 c5 5. c3 Nc6 6. Bg2 Bf5 7. Na3 cxd4 8. cxd4 Qb6 9. Ne2 Bg4 10. f3 Bd7 11. Nc2 e6 12. b3 Nb4 13. Nxb4 Qxb4+ 14. Qd2 Qxd2+ 15. Kxd2 f6 16. exf6 Bxf6 17. Bb2 Ne7 18. Rac1 Nc6 19. h4 Kf7 20. Bc3 Rac8 21. Rhe1 Be7 22. Nf4 Ba3 23. Ra1 Nb4 24. Re3 Rc6 25. Nd3 Nxd3 26. Rxd3 Rhc8 27. Bh3 b5 28. b4 Rxc3 29. Rxc3 Bxb4 30. Rac1 Rc4 31. Bf1 Rxd4+ 32. Ke3 Bxc3 33. Rxc3 Ra4 34. Rc7 Ke8 35. Rb7 a6 36. Rb8+ Ke7 37. Rh8 Ra3+ 38. Kf4 Kd6 39. Be2 Rxa2 40. Bd3 Ra3 41. Bb1 e5+ 42. Kg5 Rxf3 43. Rxh7 Rxg3+ 44. Kf6 e4 0-1

[Event "GER-ch Net blitz sf"]
[Site "Playchess.com INT"]
[Date "2021.06.05"]
[Round "5"]
[White "Telljohann, Sven"]
[Black "Buchenau, Frank"]
[Result "1-0"]
[WhiteElo "2401"]
[BlackElo "2178"]
[PlyCount "29"]
[EventDate "2021.06.05"]
[EventType "swiss (blitz)"]
[EventRounds "13"]
[EventCountry "GER"]
[SourceTitle "EXT 2023"]
[Source "ChessBase"]
[SourceDate "2022.10.05"]
[SourceVersion "1"]
[SourceVersionDate "2022.10.05"]
[SourceQuality "1"]

1. Nf3 Nf6 2. g3 b6 3. Bg2 Bb7 4. 0-0 e6 5. c4 Be7 6. Nc3 0-0 7. Re1 Ne4 8. Nb1 c5 9. d3 Nf6 10. a3 Nc6 11. b3 d5 12. Bb2 d4 13. e3 e5 14. Nxe5 dxe3 15. Nxc6 1-0

[Event "GER-ch Net blitz qual4"]
[Site "Playchess.com INT"]
[Date "2021.05.10"]
[Round "7"]
[White "Ochs, Daniel Elias"]
[Black "Telljohann, Sven"]
[Result "1-0"]
[WhiteElo "2115"]
[BlackElo "2331"]
[PlyCount "97"]
[EventDate "2021.05.10"]
[EventType "swiss (blitz)"]
[EventRounds "11"]
[EventCountry "GER"]
[SourceTitle "CBM 202 Extra"]
[Source "ChessBase"]
[SourceDate "2021.07.31"]
[SourceVersion "1"]
[SourceVersionDate "2021.07.31"]
[SourceQuality "1"]

1. d4 g6 2. e4 Bg7 3. Nf3 c6 4. Bd3 d5 5. e5 Bg4 6. Nbd2 e6 7. 0-0 c5 8. c3 Nc6 9. h3 Bxf3 10. Nxf3 cxd4 11. cxd4 Nge7 12. a3 0-0 13. b4 Nc8 14. Bb2 Nb6 15. Qe2 Rc8 16. Rac1 a6 17. Nd2 Na4 18. Ba1 Qh4 19. Nb3 b5 20. Qg4 Qxg4 21. hxg4 f6 22. f4 fxe5 23. dxe5 g5 24. g3 gxf4 25. gxf4 Ne7 26. Nd4 Kf7 27. Rxc8 Rxc8 28. Bxh7 Rh8 29. Bc2 Nb6 30. Nf3 Ke8 31. Ng5 Kd7 32. f5 Rh4 33. Bd1 Nc4 34. Nxe6 Bxe5 35. Nc5+ Kc6 36. Bxe5 Nxe5 37. Nxa6 Nxg4 38. Rf4 Nxf5 39. Rxg4 Rxg4+ 40. Bxg4 Ne3 41. Be2 Nc2 42. Kf2 Nxa3 43. Bd3 Nc4 44. Ke2 Ne5 45. Nc5 Kb6 46. Kd2 d4 47. Be4 Nc4+ 48. Kd3 Na5 49. Bd5 1-0

[Event "GER-ch Net blitz qual4"]
[Site "Playchess.com INT"]
[Date "2021.05.10"]
[Round "5"]
[White "Telljohann, Sven"]
[Black "Kopylov, Daniel"]
[Result "1-0"]
[WhiteElo "2331"]
[BlackElo "2150"]
[PlyCount "143"]
[EventDate "2021.05.10"]
[EventType "swiss (blitz)"]
[EventRounds "11"]
[EventCountry "GER"]
[SourceTitle "CBM 202 Extra"]
[Source "ChessBase"]
[SourceDate "2021.07.31"]
[SourceVersion "1"]
[SourceVersionDate "2021.07.31"]
[SourceQuality "1"]

1. Nf3 Nf6 2. g3 g6 3. Bg2 Bg7 4. 0-0 0-0 5. d4 d5 6. Nbd2 c5 7. dxc5 Nc6 8. c3 e5 9. b4 e4 10. Nd4 Nd7 11. e3 a5 12. b5 Nce5 13. Ba3 Re8 14. Qc2 Nd3 15. c4 N7xc5 16. cxd5 Qxd5 17. Nxe4 Rxe4 18. Bxc5 Nxc5 19. Rac1 b6 20. Rfd1 Bb7 21. Nc6 Qe6 22. Nd8 Qe7 23. Nxb7 Qxb7 24. Bxe4 Qxe4 25. Qxe4 Nxe4 26. Rc6 Nc3 27. Rd2 Nxb5 28. Rxb6 Nc3 29. Rb7 a4 30. Rc2 a3 31. Rc7 Ne4 32. Rc8+ Rxc8 33. Rxc8+ Bf8 34. f3 Nd6 35. Rc3 Nb5 36. Rb3 Nc7 37. Kf2 Kg7 38. f4 Nd5 39. Kf3 f5 40. h3 Kf6 41. g4 Ke6 42. e4 fxe4+ 43. Kxe4 Nf6+ 44. Kf3 Bd6 45. Rb7 h6 46. Rg7 Nd5 47. Rxg6+ Ke7 48. Rxh6 Nc3 49. Rh7+ Ke6 50. Ra7 Nxa2 51. g5 Nc3 52. h4 Nb5 53. Ra6 Nd4+ 54. Kg4 Nf5 55. h5 Ne3+ 56. Kf3 Nc4 57. h6 Kf7 58. Ra4 Nb6 59. Ra7+ Kg8 60. h7+ Kh8 61. g6 Bf8 62. Ra6 Nd7 63. f5 a2 64. Rxa2 Kg7 65. Ra5 Kf6 66. Kg4 Bg7 67. Ra6+ Ke7 68. Ra7 Ke8 69. Kf4 Nf6 70. Rxg7 Nh5+ 71. Ke5 Nxg7 72. h8Q+ 1-0

[Event "GER-ch Net blitz qual1"]
[Site "Playchess.com INT"]
[Date "2021.04.24"]
[Round "8"]
[White "Langrock, Hannes"]
[Black "Telljohann, Sven"]
[Result "1-0"]
[WhiteElo "2237"]
[BlackElo "2329"]
[PlyCount "89"]
[EventDate "2021.04.24"]
[EventType "swiss (blitz)"]
[EventRounds "11"]
[EventCountry "GER"]
[SourceTitle "CBM 202 Extra"]
[Source "ChessBase"]
[SourceDate "2021.07.31"]
[SourceVersion "1"]
[SourceVersionDate "2021.07.31"]
[SourceQuality "1"]

1. d4 g6 2. c4 Bg7 3. g3 c5 4. Nf3 cxd4 5. Nxd4 Nc6 6. Nc2 d6 7. Bg2 Be6 8. Bd5 Bxd5 9. cxd5 Qa5+ 10. Qd2 Qxd2+ 11. Bxd2 Nd4 12. Nxd4 Bxd4 13. Bc3 Bxc3+ 14. Nxc3 Nf6 15. e3 Kd7 16. Ke2 Rhc8 17. Rhd1 Rc5 18. Rd4 Rac8 19. Rad1 b5 20. a4 bxa4 21. Rxa4 a5 22. e4 Rb8 23. Rd2 Rb4 24. f3 g5 25. h3 h5 26. g4 hxg4 27. hxg4 Nh7 28. Rxb4 axb4 29. Na4 Rc1 30. Rd1 Rc2+ 31. Kd3 Rh2 32. Kc4 Nf8 33. Kxb4 Ng6 34. Nb6+ Kc7 35. Nc4 Rf2 36. Rd3 Nf4 37. Ra3 Kb7 38. Na5+ Kb6 39. Nc4+ Kb7 40. Kb5 Ne2 41. Na5+ Kc7 42. Nc6 Ng1 43. Ra7+ Kc8 44. b4 Nxf3 45. Kb6 1-0